000
00310nam a22001337a 4500
082
_a
823
_b
PRA/C
100
_a
PADMA SHRI PRAN
245
_a
PRAN'S CHACHA CHAUDHARY
260
_a
DELHI
_b
DIAMOND TOONS
300
_a
93
520
_a
ENGLISH SHORT STORIES
650
_a
ENGLISH SHORT STORIES
_z
DELHI
942
_c
BK
999
_c
5125
_d
5125